MDQL
is popping MORE tags! Check the
thread
!
Quizzes
Events
Quiz Creation
Community
Videos
Private Events
Remove Ads
Sign In
Join for FREE
Feedback
Dark Mode
Quiz Categories
Sports
Geography
Music
Movies
Television
Just For Fun
Miscellaneous
History
Literature
Language
Science
Gaming
Entertainment
Religion
Holiday
For Kids
Quiz Lab
Recent
Popular Today
Quiz Kudos Today
Editor Picks
Curator Picks
Quizzes by...
Day
Popularity
Type
Ratings
Length
Year
Community
Subscriptions
Recent Discussions
Orange Saloon
Badges
Playlists
Quests
Create
Leaderboards
Showdown
Live 5
Trivia Bingo
Activity
Puzzle Library
Sporcle Events
Private Events
Virtual Trivia
Globe League
Become a Host
Pub Owners
SporcleCon
Opinionation
Our Games
Videos
Blog
Mobile Apps
Partnerships
Remove Ads and Go Orange
Feedback
Miscellaneous
Crossword
General Knowledge
Baby Names
Logo
Food
Cars
Numbers
Grab Bag
University
College
Popular
Company
Slogans
Restaurants
Justice
Letter
Miscellaneous
Crossword
General Knowledge
Baby Names
Logo
Food
Cars
Numbers
Grab Bag
University
College
Popular
Company
Slogans
Restaurants
Justice
Letter
Random Quiz
Search Sporcle
×
Quiz Lab
Quiz Lab
Miscellaneous
Show
Type in answers that appear in a list
Type in answers that appear in a list
Classic
Best Score? Go Orange.
Newsweek Power 50: Political Figures Stats
Can you name the top most powerful political figures as ranked by Newsweek?
By
nymous
6m
50 Questions
285 Plays
285 Plays
285 Plays
Comments
Comments
Give Quiz Kudos
Give Quiz Kudos
-
- Ratings
hide this ad
Replay
Link that replays current quiz
Next Quiz
Link to next quiz in quiz playlist
You Got
0%
They Got
Avg Score
22%
Avg Friend Score
Upgrade to see
Score Distribution
Jump to the score distribution portion of the page
Score
0/50
Timer
06:00
0
Plays Today
Earnings
Name
% Correct
$7.7m
Bill Clinton
76.1%
$4m
Barack Obama
75.4%
$4.2m
George W. Bush
71.6%
$58.7 m
Rush Limbaugh
70.9%
$20 m
Bill O'Reilly
64.6%
$33 m
Glenn Beck
60%
$22 m
Sean Hannity
57.9%
$15 m
Jon Stewart
47.7%
$2m
Rachel Maddow
46.7%
$14
Sarah Palin
43.9%
$5m
Stephen Colbert
42.1%
$7.5m
Keith Olbermann
38.6%
$1m
Dick Cheney
36.5%
$4.5m
Chris Matthews
33.7%
$2m
Karl Rove
30.9%
$2m
Al Gore
27.7%
$1.8m
Condoleezza Rice
27%
$1m
Colin Powell
23.5%
$0.75m
Ann Coulter
23.5%
$5.5m
Newt Gingrich
20%
$4m
Bill Maher
18.6%
$5m
Mark Levin
16.1%
$0.72m
David Axelrod
14.4%
$7m
Laura Ingraham
13.7%
$3.5m
Joe Scarborough
11.6%
Earnings
Name
% Correct
$2.5m
Bob Woodward
10.5%
$5m
Arianna Huffington
9.8%
$1.5m
David Plouffe
9.8%
$2m
Charlie Rose
9.1%
$1m
Tina Brown
9.1%
$5m
Madeleine Albright
8.4%
$2m
Thomas Friedman
8.4%
$0.8m
Mary Matalin
7.7%
$0.9m
Paul Krugman
7.4%
$7m
Rudy Giuliani
6.7%
$1.1m
Roland Martin
6%
$11m
Don Imus
5.6%
$2.5m
John Heilemann
5.6%
$2.5m
Mark Halperin
5.3%
$3.1m
Fareed Zakaria
4.2%
$3m
Alan Greenspan
4.2%
$3m
Frank Luntz
3.2%
$1m
John McLaughlin
3.2%
$1.5m
Charlie Cook
2.8%
$4m
Jorge Ramos
2.5%
$3m
Bob Barnett
1.4%
$2m
Jon Meacham
1.1%
$1.3m
David Remnick
1.1%
$1m
Eduardo 'Piolin' Sotelo
1.1%
$1m
Richard Stengel
1.1%
Quiz Playlist
Details
Report
Send in Message
Add To Playlist
Classic:
Type in answers that appear in a list
Quiz Source
Last Updated: Feb 16, 2017
Quiz Scoreboard
CHALLENGE
Sign Up to Join the Scoreboard
Show All
Scores
Hide
Comments
May contain spoilers
Recently Published
Colored Red Africa Blitz
by spor1
Geography
30s
Find the 'City' Movie
by crazypaving
Movies
60s
5x2 Blitz: Bands
by SL_Kpop136
Music
30s
More to Explore
Quiz From the Vault
Featured Blog Post
14 Easter Pick-up Lines to Find Eggs With
hide this ad
You Might Also Like...
Tags
Celebrity Quiz
Politics Quiz
Show Quiz
Conservative
Newsweek
Politician
Powerful
Powerful People
Talkshow
Top 50
Wealthiest
Today's Top Quizzes in Miscellaneous
Browse Miscellaneous
hide this ad
Today's Top Quizzes in Show
Browse Show
Top Contributed Quizzes in Miscellaneous
1
5-to-1: Fast Food
2
The JOE quick-fire general knowledge quiz: Day 174
3
9x9 Crossword: Disney Movie Titles
4
9x9 Crossword: Charlie and the Chocolate Factory
5
9x9 Crossword: 2022 Movies
6
9x9 Crossword: Pixar Movie Titles
7
9x9 Crossword: Actors
8
9x9 Crossword: Flags
9
9x9 Crossword: Mario
10
9x9 Crossword: The Simpsons
Explore More
Trending Topics
NBA
Harry Potter
Marvel
Anime
Kpop
Disney
Crossword
Country
NFL
The Office
Pokémon
WWE
Soccer
Puzzle
Song
hide this ad
More By:
nymous
Quiz
Plays
Rating
Category
Featured
Created
America's Top 50 Employers
106,357
4.49
Miscellaneous
Oct 3, 2009
Which US Company Is Older?
7,634
4.77
History
May 5, 2013
NBA Top 3 PPG players per team
6,986
3.78
Sports
Dec 9, 2009
Global Big Business Cities
3,253
3.69
Geography
Oct 5, 2009
Where Fortune 500 CEOs Went to College
2,985
3.31
Miscellaneous
Feb 16, 2011
Go to Creator's Profile
Score Distribution
Quiz Creator Spotlight
nymous
Follow
Send a Message
Quizzes Created
-
Created Quiz Play Count
-
More By This Creator
Popular Quizzes Today
1
Colored Red Africa Blitz
2
Find the 'City' Movie
3
5x2 Blitz: Bands
4
Find the US States - No Outlines Minefield
5
The Countries of the World
6
Find the US States
7
US States
8
Find the Countries of Europe - No Outlines Minefield
More Miscellaneous Quizzes
Spot the Difference XVIII
Published
Trending Quizzes
Colored Red Europe Blitz I
Colored Red Africa Blitz II
Colored Red Europe Blitz II
Colored Red Africa Blitz III
Colored Red Europe Blitz III
Recently Updated
How Do You Spell That?
pecheneg
Godzilla Movies
pecheneg
Grab Bag: 4-10 Letters
pecheneg
2024 March Madness Bracket
pecheneg
Famous TV Couples
Peacemaker
Champions League XIs: Real Madrid
pecheneg
Largest US Cities 1790-2010
pecheneg
Rides in Walt Disney World
pecheneg
Most Oscar Losses (Acting)
pecheneg
Beyoncé Albums
pecheneg
Trending Topics
NBA
Marvel
Disney
Kpop
Harry Potter
Anime
Crossword
WWE
Pokémon
Puzzle
Song
NFL
Soccer
The Office
Country
Your Account Isn't Verified!
In order to create a playlist on Sporcle, you need to verify the email address you used during registration. Go to your
Sporcle Settings
to finish the process.
Report this User
Report this user for behavior that violates our
Community Guidelines
.
Details:
Send Report
Go to the Sporcle.com Mobile Site →
Comments